Winter resident repeats and returns of austral and boreal migrant birds banded in Venezuela (Registro nro. 9938)

Detalles MARC
000 -CABECERA
Campo de control 006860000a22002050004500
090 ## - CLASIFICACIÓN LOCAL
Colección AR
Consecutivo 00850
041 0# - IDIOMA
Código de idioma para texto/pista de sonido o título separado
100 1# - ASIENTO PRINCIPAL--NOMBRE PERSONAL
Nombre personal Mcneil, Raymond
245 10 - MENCION DE TITULO
Título Winter resident repeats and returns of austral and boreal migrant birds banded in Venezuela
650 14 - ASIENTO SECUNDARIO DE MATERIA - TERMINO TEMATICO
Término temático o nombre geográfico como elemento de entrada Aves
650 14 - ASIENTO SECUNDARIO DE MATERIA - TERMINO TEMATICO
Término temático o nombre geográfico como elemento de entrada Migraciones de aves
650 14 - ASIENTO SECUNDARIO DE MATERIA - TERMINO TEMATICO
Término temático o nombre geográfico como elemento de entrada Uso del habitat
651 #4 - ASIENTO SECUNDARIO DE MATERIA - NOMBRE GEOGRAFICO
-- Estados Unidos
651 #4 - ASIENTO SECUNDARIO DE MATERIA - NOMBRE GEOGRAFICO
-- Cumaná
-- Sucre
-- Venezuela
651 #4 - ASIENTO SECUNDARIO DE MATERIA - NOMBRE GEOGRAFICO
-- Chiguana
-- Sucre
-- Venezuela
653 ## - TERMINO DE INDIZACION - NO CONTROLADO
-- Setophaga
-- Setophaga ruticilla
653 ## - TERMINO DE INDIZACION - NO CONTROLADO
-- Seiurus
-- Seiurus noveboracensis
773 1# - Item fuente:
Título Journal Field Ornithology
Especificación de materiales 130
Descripción física 2
Paginas del Articulo 125-132
Lugar, editorial y fecha de publicación 1982
Información sobre la relación 53
942 ## - ELEMENTOS ADICIONALES (KOHA)
Tipo de ítem Artículo
Existencias
Withdrawn status Lost status Damaged status No para préstamo Colección Ubicación Permanente Ubicación actual Fecha de adquisición Datos de publicación Seriada Total Checkouts Número topográfico Inventario / Código de Barras Date last seen Ejemplar Price effective from Forma de adquisición Tipo de material
      No para Préstamo Hemeroteca Bogotá Bogotá 27/02/2015 Fuera de circulación   AR 00850 011174 25/03/2015 1 25/03/2015   Artículo